| 000 | 00928 a2200205 4500 | ||
|---|---|---|---|
| 003 | Nust | ||
| 005 | 20170207164750.0 | ||
| 035 | _a(EBZ)ebs597693e | ||
| 035 | _a(SFX)1000000000789132 | ||
| 035 | _a(WaSeSS)ssj0000195726 | ||
| 040 | _cNust | ||
| 100 | 1 | _aHuszczo, Gregory E. | |
| 245 | 1 | 0 |
_aMaking a Difference By Being Yourself (E BOOK) _h[Elektronisk resurs] |
| 260 | _c2009 | ||
| 300 | _a265p | ||
| 500 | _ae book | ||
| 856 | 4 | 0 | _uhttp://proxy.lib.chalmers.se/login?url=http://library.books24x7.com/library.asp?^B&bookid=27140 |
| 856 | 4 | 0 | _uhttp://sfxeu11.hosted.exlibrisgroup.com/sfxkib?url_ver=Z39.88-2004&ctx_ver=Z39.88-2004&ctx_enc=info:ofi/enc:UTF-8&rfr_id=info:sid/sfxit.com:opac_856&url_ctx_fmt=info:ofi/fmt:kev:mtx:ctx&sfx.ignore_date_threshold=1&rft.object_id=1000000000789132&svc_val_fmt=info:ofi/fmt:kev:mtx:sch_svc& |
| 856 | 4 | 0 | _uhttps://lt.ltag.bibl.liu.se/login?url=http://www.books24x7.com/marc.asp?bookid=27140 |
| 942 |
_2ddc _cBK |
||
| 999 |
_c209969 _d209969 |
||